[Event "Moscow-Open 2021_B"]
[Site "Moscow"]
[Date "2021.02.23"]
[Round "4.11"]
[White "Porozhnyak, Maya"]
[Black "Korchagina, Alena"]
[Result "0-1"]
[WhiteElo "1976"]
[BlackElo "2132"]
[PlyCount "118"]
[EventDate "2021.02.20"]

1. Nf3 d5 2. g3 Nf6 3. Bg2 Bf5 4. d3 h6 5. O-O e6 6. c4 c6 7. cxd5 cxd5 8. Qb3
Qb6 9. Be3 Qxb3 10. axb3 Nc6 11. Nc3 a6 12. Nb5 Kd7 13. Nbd4 Nxd4 14. Ne5+ Ke8
15. Bxd4 Bd6 16. e4 dxe4 17. Nc4 Rd8 18. Bxf6 gxf6 19. dxe4 Bg6 20. Rfc1 Ke7
21. Nxd6 Rxd6 22. Rc7+ Rd7 23. Rac1 Rhd8 24. Kf1 Ke8 25. Rxd7 Rxd7 26. Ke2 Rd6
27. f3 Rb6 28. Rc3 Rb5 29. f4 a5 30. g4 f5 31. gxf5 exf5 32. e5 Bh5+ 33. Bf3
Bxf3+ 34. Kxf3 Rb4 35. Kg3 Kf8 36. h3 Kg7 37. Rd3 b5 38. Kf3 Kg6 39. Kg3 Kh5
40. Re3 Rd4 41. Rf3 Kg6 42. Kh4 Rd2 43. Rc3 Rxb2 44. Rc6+ Kg7 45. Rc7 Kf8 46.
Rc8+ Ke7 47. Rh8 Rxb3 48. Rxh6 a4 49. Kg5 Rg3+ 50. Kxf5 Rg6 51. Rh8 Ra6 52. h4
a3 53. Kg5 a2 54. h5 a1=Q 55. Rb8 Qg1+ 56. Kf5 Rh6 57. Rxb5 Rxh5+ 58. Ke4 Qg6+
59. Kd4 Rh3 0-1

[Event "Moscow-Open 2021_B"]
[Site "Moscow"]
[Date "2021.02.23"]
[Round "4.12"]
[White "Miroshnik, Ekaterina"]
[Black "Shestakova, Ekaterina"]
[Result "1/2-1/2"]
[WhiteElo "2118"]
[BlackElo "1959"]
[PlyCount "94"]
[EventDate "2021.02.20"]

1. Nf3 g6 2. e4 Bg7 3. d4 d5 4. exd5 Qxd5 5. Be2 Nf6 6. O-O O-O 7. c4 Qd8 8.
Nc3 Bf5 9. Bf4 e6 10. h3 Ne4 11. Qb3 Nxc3 12. bxc3 b6 13. Ne5 Be4 14. Rfe1 f6
15. Nf3 g5 16. Bc1 c5 17. a4 Nc6 18. Be3 Na5 19. Qa3 cxd4 20. cxd4 Rc8 21. Rac1
Qd6 22. c5 Qd7 23. Bd2 Bd5 24. Bxa5 bxa5 25. Bb5 Qd8 26. Qd3 h6 27. Nd2 f5 28.
Nc4 f4 29. Qd2 g4 30. hxg4 Qh4 31. f3 Qg3 32. Ne5 h5 33. Bc4 hxg4 34. Bxd5 exd5
35. Nxg4 Rb8 36. c6 Rb4 37. Ne5 Rc8 38. Red1 Rc7 39. Qa2 Kh8 40. Rd2 Bxe5 41.
dxe5 Rxc6 42. Qa1 Rxa4 43. Qb1 Rb4 44. Rb2 Rxc1+ 45. Qxc1 Rxb2 46. Qxb2 Qe1+
47. Kh2 Qh4+ 1/2-1/2

[Event "Moscow-Open 2021_B"]
[Site "Moscow"]
[Date "2021.02.23"]
[Round "4.13"]
[White "Yurasova, Daria"]
[Black "Zvereva, Margarita"]
[Result "1-0"]
[WhiteElo "2110"]
[BlackElo "1937"]
[PlyCount "107"]
[EventDate "2021.02.20"]

1. c4 e6 2. g3 d5 3. Bg2 Nf6 4. Nf3 dxc4 5. Qa4+ Bd7 6. Qxc4 Bc6 7. O-O Be7 8.
b3 O-O 9. Bb2 Bd5 10. Qc2 c5 11. d3 Nbd7 12. Nbd2 Rc8 13. Rac1 b5 14. Rfd1 Nb6
15. Qb1 a5 16. Ne4 Nbd7 17. Qa1 Qb6 18. Nfd2 Rc7 19. a4 bxa4 20. Qxa4 Rb7 21.
Bc3 Ra8 22. Qa1 Rba7 23. Nc4 Qc7 24. Nxf6+ Bxf6 25. Bxf6 Nxf6 26. e4 Bb7 27.
Ne3 Qb6 28. Qc3 Nd7 29. Nc4 Qc7 30. Ra1 a4 31. bxa4 Rxa4 32. Rxa4 Rxa4 33. Qb3
Bc6 34. h4 h6 35. Rc1 Qa7 36. Qc3 Ra2 37. Qe1 Qa4 38. Bf1 Bb5 39. Nd6 Ba6 40.
Qc3 Ra3 41. Qd2 Qd4 42. Qf4 Nf6 43. Nc4 Ra2 44. Qe3 Ng4 45. Qxd4 cxd4 46. f3
Nf6 47. Ne5 Ra3 48. Rb1 Kf8 49. Rb8+ Ke7 50. Ra8 Ra2 51. Nc6+ Kd6 52. Nb4 Ra4
53. Rxa6+ Rxa6 54. Nxa6 1-0

[Event "Moscow-Open 2021_B"]
[Site "Moscow"]
[Date "2021.02.23"]
[Round "4.14"]
[White "Tokmakova, Ulyana"]
[Black "Loskutova, Viktoriya"]
[Result "1/2-1/2"]
[WhiteElo "1882"]
[BlackElo "2096"]
[PlyCount "100"]
[EventDate "2021.02.20"]

1. c4 e5 2. Nc3 Nf6 3. Nf3 Nc6 4. g3 d5 5. cxd5 Nxd5 6. d3 Be7 7. Bg2 Nb6 8.
O-O O-O 9. Be3 Be6 10. a3 a5 11. Bxb6 cxb6 12. Rc1 a4 13. Nd2 f5 14. Nxa4 Bg5
15. Nc3 e4 16. Ra1 Qd7 17. Nc4 Rad8 18. Qa4 Qf7 19. Nxb6 exd3 20. exd3 f4 21.
Qe4 Rde8 22. Qf3 Ne5 23. Qxb7 Qh5 24. Rac1 fxg3 25. fxg3 Rxf1+ 26. Rxf1 Be3+
27. Kh1 Ng4 28. h4 Qe5 29. Ne4 Bxb6 30. Qxb6 Bd5 31. a4 Rb8 32. Qc5 h5 33. Qc3
Qe6 34. Re1 Qc6 35. Re2 Qb7 36. a5 Rc8 37. Qe1 Qb3 38. Nc3 Bxg2+ 39. Kxg2 Qb7+
40. Ne4 Qd5 41. Qd2 Rf8 42. b4 Qb5 43. Re1 Qd5 44. a6 Rf2+ 45. Qxf2 Nxf2 46.
Kxf2 Qxd3 47. Ng5 Kf8 48. Re6 Qd2+ 49. Kf3 Qxb4 50. Ke3 Qc5+ 1/2-1/2

[Event "Moscow-Open 2021_B"]
[Site "Moscow"]
[Date "2021.02.23"]
[Round "4.15"]
[White "Ivanova, Anastasia S."]
[Black "Illina, Natalia"]
[Result "1/2-1/2"]
[WhiteElo "1830"]
[BlackElo "2081"]
[PlyCount "93"]
[EventDate "2021.02.20"]

1. d4 Nf6 2. c4 e6 3. Nf3 b6 4. Nc3 Bb4 5. Bd2 Bb7 6. e3 O-O 7. Bd3 d5 8. cxd5
exd5 9. O-O Nbd7 10. Rc1 a6 11. Qc2 Re8 12. Rfe1 Rc8 13. a3 Bxc3 14. Bxc3 Ne4
15. Qe2 Ra8 16. b4 b5 17. Bb2 f6 18. Qc2 Rc8 19. a4 c6 20. a5 Qe7 21. Bc3 Nf8
22. Nd2 Nd6 23. e4 Qf7 24. Re3 Rc7 25. Rce1 Rce7 26. f3 Nc4 27. R3e2 Qh5 28.
Nb3 Bc8 29. Nc5 Qf7 30. Bd2 Ng6 31. Bc1 Rd8 32. exd5 Rxe2 33. Qxe2 Qxd5 34.
Bxc4 Qxc4 35. Qxc4+ bxc4 36. Be3 Ne7 37. Bd2 Kf7 38. Rc1 Rxd4 39. Be3 Rd6 40.
Rxc4 Rd1+ 41. Kf2 Rb1 42. Bd2 Nd5 43. Ne4 Bd7 44. Nc5 Bc8 45. Ne4 Bd7 46. Nc5
Bc8 47. Ne4 1/2-1/2

[Event "Moscow-Open 2021_B"]
[Site "Moscow"]
[Date "2021.02.23"]
[Round "4.16"]
[White "Shenker, Angelina"]
[Black "Goltseva, Ekaterina"]
[Result "0-1"]
[WhiteElo "1652"]
[BlackElo "2295"]
[PlyCount "66"]
[EventDate "2021.02.20"]

1. d4 Nf6 2. Nf3 d5 3. g3 e6 4. Bg2 c5 5. c4 cxd4 6. Nxd4 e5 7. Nf3 d4 8. O-O
Nc6 9. e3 Be7 10. exd4 exd4 11. a3 a5 12. Qd3 O-O 13. Rd1 Bg4 14. h3 Bh5 15.
Bf4 Qb6 16. Rd2 Bg6 17. Qe2 Ne4 18. Rd1 Bc5 19. Kh2 Rfe8 20. Qf1 Qxb2 21. Nbd2
Nc3 22. Re1 d3 23. Nh4 Re2 24. Rxe2 dxe2 25. Qc1 Qxc1 26. Rxc1 Nd1 27. Ndf3
Bxa3 28. Ra1 Bb2 29. Ra2 Bb1 30. Rxb2 Nxb2 31. Ne1 a4 32. Bf3 a3 33. Bxe2 a2
0-1

[Event "Moscow-Open 2021_B"]
[Site "Moscow"]
[Date "2021.02.23"]
[Round "4.17"]
[White "Kvachko, Anastasiya"]
[Black "Alekseeva, Irina"]
[Result "0-1"]
[WhiteElo "1882"]
[BlackElo "2113"]
[PlyCount "110"]
[EventDate "2021.02.20"]

1. e4 c5 2. c3 Nf6 3. e5 Nd5 4. g3 Qc7 5. Nf3 Nc6 6. Qe2 g6 7. Bg2 e6 8. Na3 a6
9. O-O Bg7 10. Nc4 O-O 11. d4 cxd4 12. cxd4 f6 13. exf6 Bxf6 14. Bh6 Rf7 15.
Rfd1 b5 16. Nce5 Bxe5 17. Nxe5 Nxe5 18. Bxd5 exd5 19. Qxe5 Qxe5 20. dxe5 Bb7
21. Rac1 Re7 22. Rc7 Bc6 23. f4 Kf7 24. Rc1 Ke6 25. g4 Ree8 26. Bg5 d4 27. Kf2
Kd5 28. Bf6 a5 29. h4 Re6 30. f5 gxf5 31. gxf5 Rxf6 32. exf6 Rf8 33. Kg3 Rxf6
34. Kf4 Rf8 35. Ra7 a4 36. b3 d3 37. bxa4 bxa4 38. Ra5+ Kd4 39. Re5 d2 40. Rf1
Bf3 41. Re7 d5 42. Rxh7 d1=Q 43. Rxd1+ Bxd1 44. Rc7 Rh8 45. f6 Rxh4+ 46. Kg5
Rh5+ 47. Kg6 Rh2 48. Kg7 Bh5 49. Rc1 Rxa2 50. Rh1 Rg2+ 51. Kf8 Bg6 52. Ke7 a3
53. Ke6 a2 54. Rd1+ Kc3 55. Kxd5 Rd2+ 0-1

[Event "Moscow-Open 2021_B"]
[Site "Moscow"]
[Date "2021.02.23"]
[Round "4.18"]
[White "Kochukova, Anna"]
[Black "Akulova, Taisiya"]
[Result "1-0"]
[WhiteElo "2091"]
[BlackElo "1833"]
[PlyCount "69"]
[EventDate "2021.02.20"]

1. e4 e5 2. Nf3 Nc6 3. Bb5 a6 4. Ba4 Nf6 5. d3 Bc5 6. O-O d6 7. c3 O-O 8. h3 b5
9. Bc2 h6 10. a4 Rb8 11. axb5 axb5 12. Re1 b4 13. d4 bxc3 14. bxc3 Bb6 15. Na3
Re8 16. Nc4 exd4 17. cxd4 Nb4 18. Bb1 c5 19. Nxd6 Qxd6 20. e5 Qd8 21. exf6
Rxe1+ 22. Qxe1 Bb7 23. Qe5 Bxf3 24. Qg3 Bg4 25. Bf4 Qxf6 26. Bxb8 cxd4 27. Be5
Qd8 28. Qxg4 f6 29. Qe4 Kf7 30. Qb7+ Ke6 31. Ra8 Qxa8 32. Qxa8 fxe5 33. Qg8+
Kd7 34. Qxg7+ Kc6 35. Qxe5 1-0

[Event "Moscow-Open 2021_B"]
[Site "Moscow"]
[Date "2021.02.23"]
[Round "4.19"]
[White "Bondareva, Daria"]
[Black "Baiburina, Kamilla"]
[Result "1-0"]
[WhiteElo "2066"]
[BlackElo "1829"]
[PlyCount "85"]
[EventDate "2021.02.20"]

1. e4 e6 2. d4 d5 3. Nd2 c5 4. dxc5 Bxc5 5. Bd3 Nf6 6. Qe2 Nc6 7. Ngf3 O-O 8.
c3 Qc7 9. O-O h6 10. e5 Ng4 11. Nb3 Bb6 12. Nfd4 Ngxe5 13. Bf4 f6 14. Nxc6 bxc6
15. Rae1 Qf7 16. Bb1 Ng6 17. Bd6 Re8 18. Nd4 Bxd4 19. cxd4 a5 20. Qc2 f5 21.
Re3 Rd8 22. Bc5 Re8 23. Rfe1 Bb7 24. Qa4 Nf4 25. g3 Nh3+ 26. Kg2 Ng5 27. h4 Ne4
28. Bxe4 dxe4 29. f3 exf3+ 30. Rxf3 Ba6 31. Qc2 Qd7 32. Re5 Rab8 33. b3 Bb5 34.
a4 Ba6 35. Qd2 Qc7 36. Qe1 Bc8 37. Rexf5 exf5 38. Qxe8+ Kh7 39. h5 Qd7 40. Qg6+
Kg8 41. Bd6 Ra8 42. Re3 Bb7 43. Re7 1-0

[Event "Moscow-Open 2021_B"]
[Site "Moscow"]
[Date "2021.02.23"]
[Round "4.20"]
[White "Zaitseva, Lyudmila"]
[Black "Tarasenka, Aliaksandra"]
[Result "1/2-1/2"]
[WhiteElo "1852"]
[BlackElo "1995"]
[PlyCount "92"]
[EventDate "2021.02.20"]

1. d4 f5 2. Nf3 g6 3. g3 Bg7 4. Bg2 d6 5. c4 Nf6 6. b3 O-O 7. Bb2 Ng4 8. h3 Nh6
9. O-O Nf7 10. Nbd2 e5 11. e4 f4 12. d5 h5 13. Ne1 Ng5 14. Kh2 Qf6 15. Qe2 Nd7
16. Ndf3 Nf7 17. Nd3 g5 18. gxf4 g4 19. Ng1 Qh4 20. f5 Nf6 21. f3 Bh6 22. Bc1
Bxc1 23. Raxc1 c5 24. Kh1 Ng5 25. Qe1 Qxe1 26. Rcxe1 gxf3 27. Bxf3 h4 28. Nf2
Kg7 29. Kh2 Rh8 30. Re3 Bd7 31. Bg4 b5 32. Nf3 Nf7 33. Rb1 b4 34. a3 a5 35. a4
Kf8 36. Nd2 Ke7 37. Ree1 Rag8 38. Rg1 Ng5 39. Rbe1 Be8 40. Bd1 Bh5 41. Bxh5
Nxh5 42. Rg4 Ng3 43. Kg2 Kf6 44. Nf3 Nh5 45. Nxh4 Nf4+ 46. Kg3 Nh5+ 1/2-1/2

[Event "Moscow-Open 2021_B"]
[Site "Moscow"]
[Date "2021.02.23"]
[Round "4.21"]
[White "Kiseleva, Arina"]
[Black "Laukhina, Margarita A."]
[Result "1-0"]
[WhiteElo "2035"]
[BlackElo "1761"]
[PlyCount "63"]
[EventDate "2021.02.20"]

1. d4 d5 2. Nf3 Nf6 3. c4 c6 4. Nbd2 e6 5. e3 Be7 6. Bd3 O-O 7. O-O Nbd7 8. b3
c5 9. Bb2 b6 10. Ne5 Qc7 11. Qf3 Bb7 12. Qh3 Ne4 13. cxd5 Ng5 14. Qg3 Nxe5 15.
dxe5 exd5 16. f3 f6 17. h4 Nf7 18. f4 Qd8 19. Nf3 Nh6 20. e6 Qd6 21. Qh3 c4 22.
Bc2 c3 23. Bc1 b5 24. Nd4 Qb6 25. g4 Kh8 26. g5 Ng8 27. Qg4 g6 28. h5 f5 29.
Qh3 Kg7 30. hxg6 hxg6 31. Rf2 Rfc8 32. Nxf5+ 1-0

[Event "Moscow-Open 2021_B"]
[Site "Moscow"]
[Date "2021.02.23"]
[Round "4.22"]
[White "Alekseenko, Mariya"]
[Black "Gutkovich, Polina"]
[Result "1/2-1/2"]
[WhiteElo "1656"]
[BlackElo "2061"]
[PlyCount "120"]
[EventDate "2021.02.20"]

1. d4 d5 2. c4 e6 3. Nf3 Nf6 4. g3 dxc4 5. Qa4+ Bd7 6. Qxc4 Be7 7. Bg2 Nc6 8.
O-O O-O 9. Nbd2 b5 10. Qc2 Nb4 11. Qd1 c5 12. dxc5 Bxc5 13. Nb3 Bb6 14. Nfd4 e5
15. Nc2 Nxc2 16. Qxc2 Rc8 17. Qd1 Qe7 18. Bg5 Rfd8 19. Rc1 h6 20. Rxc8 Bxc8 21.
Bd2 a5 22. Qc1 a4 23. Na5 Qd6 24. Nc6 Qxd2 25. Ne7+ Kf8 26. Nxc8 Qxc1 27. Rxc1
Bd4 28. e3 Bxb2 29. Rc2 Rd1+ 30. Bf1 Ba3 31. Kg2 b4 32. Bc4 Ne4 33. Nb6 Rd2 34.
Rxd2 Nxd2 35. Be2 b3 36. axb3 axb3 37. Nc4 Nxc4 38. Bxc4 b2 39. Bd3 Ke7 40. Kf3
Ke6 41. Bc4+ Kd6 42. Ba2 f5 43. e4 g6 44. Bb1 fxe4+ 45. Kxe4 Bc5 46. f4 exf4
47. Kxf4 g5+ 48. Kf5 Bg1 49. Kg6 Ke5 50. Kxh6 Kf6 51. h4 gxh4 52. gxh4 Bf2 53.
Kh5 Ke5 54. Kg6 Bxh4 55. Kf7 Kd4 56. Bg6 Kc3 57. Bf5 Kd2 58. Bg6 Kc1 59. Be4
b1=Q 60. Bxb1 Kxb1 1/2-1/2

[Event "Moscow-Open 2021_B"]
[Site "Moscow"]
[Date "2021.02.23"]
[Round "4.23"]
[White "Mikheeva, Galina"]
[Black "Kalenichenko, Alina"]
[Result "1-0"]
[WhiteElo "1873"]
[BlackElo "1638"]
[PlyCount "99"]
[EventDate "2021.02.20"]

1. e4 d6 2. d4 Nf6 3. Nc3 g6 4. Bd3 Bg7 5. h3 O-O 6. Nf3 e5 7. dxe5 dxe5 8. O-O
Nc6 9. Be3 Be6 10. a3 Nh5 11. Bc5 Re8 12. Bb5 Bd7 13. Qd2 Nd4 14. Be2 Bc6 15.
Rfd1 Nxf3+ 16. Bxf3 Qxd2 17. Rxd2 Nf4 18. Rad1 Bh6 19. Be3 Kg7 20. Bg4 Ne6 21.
Bxh6+ Kxh6 22. Nd5 Bxd5 23. Rxd5 Ng7 24. Rd7 f5 25. Bf3 Rac8 26. exf5 e4 27. f6
exf3 28. fxg7 Rg8 29. gxf3 Rxg7 30. Rxg7 Kxg7 31. Rd7+ Kh6 32. Kg2 g5 33. Kg3
b5 34. f4 gxf4+ 35. Kxf4 a5 36. Re7 b4 37. axb4 axb4 38. Ke5 c5 39. f4 b3 40.
c4 Rg8 41. Rb7 Rg3 42. h4 Rh3 43. Kd5 Rxh4 44. Rxb3 Rxf4 45. Kxc5 Kg5 46. Rg3+
Rg4 47. Rxg4+ Kxg4 48. Kd6 h5 49. c5 h4 50. c6 1-0

[Event "Moscow-Open 2021_B"]
[Site "Moscow"]
[Date "2021.02.23"]
[Round "4.24"]
[White "Khegai, Darya"]
[Black "Voskresenskaya, Marta"]
[Result "0-1"]
[WhiteElo "1566"]
[BlackElo "1853"]
[PlyCount "54"]
[EventDate "2021.02.20"]

1. d4 d5 2. c4 c6 3. Nc3 Nf6 4. Nf3 e6 5. e3 Nbd7 6. Bd3 dxc4 7. Bxc4 b5 8. Bd3
a6 9. O-O Be7 10. a3 c5 11. e4 Bb7 12. Re1 O-O 13. Bc2 cxd4 14. Nxd4 Rc8 15. e5
Nd5 16. Nxd5 Bxd5 17. Qd3 g6 18. Bh6 Re8 19. Nf5 Bg5 20. f4 Qb6+ 21. Kh1 Qf2
22. Rg1 Rxc2 23. Qh3 exf5 24. Bxg5 h5 25. Rad1 Rd2 26. Rgf1 Qe2 27. Rfe1 Qg4
0-1

[Event "Moscow-Open 2021_B"]
[Site "Moscow"]
[Date "2021.02.23"]
[Round "4.25"]
[White "Barkasheva, Sofia"]
[Black "Khachatryan, Marieta"]
[Result "0-1"]
[WhiteElo "1634"]
[BlackElo "1830"]
[PlyCount "88"]
[EventDate "2021.02.20"]

1. e4 c6 2. Nc3 d5 3. Nf3 Bg4 4. h3 Bxf3 5. Qxf3 Nf6 6. Be2 e6 7. O-O Bc5 8.
Rd1 O-O 9. d4 Bb4 10. e5 Nfd7 11. Qg3 Kh8 12. Bg4 c5 13. Ne2 cxd4 14. Nxd4 Qc7
15. c3 Bc5 16. Bf4 Nc6 17. Rac1 a6 18. Nb3 Be7 19. h4 Ncxe5 20. c4 dxc4 21. Nd4
Qa5 22. Be2 Ng6 23. Bc7 Qxa2 24. Bxc4 Qxb2 25. Rb1 Qa3 26. Qxa3 Bxa3 27. Nc2
Nf6 28. Nxa3 b5 29. Be2 Nxh4 30. g3 Nd5 31. Ba5 Nf5 32. Bf3 Nfe7 33. Bb4 Rfe8
34. Bxe7 Rxe7 35. Bxd5 exd5 36. Rxd5 Re2 37. Rd7 Ra2 38. Nxb5 axb5 39. Rxb5 Kg8
40. Rbb7 Rf8 41. Rbc7 h6 42. Kg2 g5 43. g4 Ra4 44. Kg3 Rf4 0-1

[Event "Moscow-Open 2021_B"]
[Site "Moscow"]
[Date "2021.02.23"]
[Round "4.26"]
[White "Bubeeva, Larisa"]
[Black "Shevtsova, Stefania"]
[Result "1-0"]
[WhiteElo "1810"]
[BlackElo "1654"]
[PlyCount "113"]
[EventDate "2021.02.20"]

1. d4 c6 2. c4 d5 3. Nf3 Nf6 4. g3 Bf5 5. Nc3 e6 6. Qb3 Qb6 7. c5 Qc7 8. Bf4
Qc8 9. Bg2 h6 10. O-O Nbd7 11. Qd1 Be7 12. b4 O-O 13. Qb3 Bd8 14. a4 Bc7 15. b5
Re8 16. Bxc7 Qxc7 17. Nh4 Bh7 18. f4 Rab8 19. a5 b6 20. cxb6 axb6 21. a6 c5 22.
e3 c4 23. Qa3 Ra8 24. f5 Nf8 25. e4 Qd8 26. exd5 Nxd5 27. fxe6 fxe6 28. Rae1
Bd3 29. Nxd5 Bxf1 30. Ne7+ Rxe7 31. Bxa8 Bd3 32. d5 Ra7 33. Bc6 Qf6 34. dxe6
Nxe6 35. Qd6 Nf8 36. Bd5+ Kh7 37. Qxf6 gxf6 38. Rc1 c3 39. Bc6 c2 40. Ng2 Ne6
41. Ne1 Nd4 42. Nxd3 Ne2+ 43. Kf2 Nxc1 44. Nxc1 Re7 45. Bb7 Rd7 46. a7 Rd2+ 47.
Ke3 Rd1 48. a8=Q Rxc1 49. Be4+ Kg7 50. Qb7+ Kf8 51. Qc8+ Ke7 52. Bxc2 Re1+ 53.
Kd4 Re5 54. Qc7+ Kf8 55. Bb3 Re7 56. Qd8+ Re8 57. Qxf6# 1-0

[Event "Moscow-Open 2021_B"]
[Site "Moscow"]
[Date "2021.02.23"]
[Round "4.27"]
[White "Korovina, Yana"]
[Black "Naumova, Alexandra"]
[Result "1-0"]
[WhiteElo "1531"]
[BlackElo "1800"]
[PlyCount "65"]
[EventDate "2021.02.20"]

1. e4 c5 2. c4 Nc6 3. Nc3 g6 4. g3 Bg7 5. Bg2 e6 6. d3 d6 7. Nge2 Nge7 8. O-O
O-O 9. f4 f5 10. Be3 Nd4 11. h3 Nec6 12. Bf2 Rb8 13. Nxd4 cxd4 14. Ne2 Bd7 15.
g4 e5 16. gxf5 gxf5 17. Bg3 Qb6 18. Rb1 fxe4 19. Bxe4 Bxh3 20. Rf2 Qd8 21. Rh2
Bf5 22. Bh4 Qe8 23. Ng3 Bxe4 24. Nxe4 Rxf4 25. Rg2 Qe6 26. Bg5 Rf7 27. Qh5 Rbf8
28. Bd2 Rf5 29. Qg4 Qe7 30. Bg5 Qc7 31. Bh6 R8f7 32. Bxg7 Rf4 33. Qe6 1-0

[Event "Moscow-Open 2021_B"]
[Site "Moscow"]
[Date "2021.02.23"]
[Round "4.28"]
[White "Vasiljeva, Anna"]
[Black "Volchkova, Alena"]
[Result "1/2-1/2"]
[WhiteElo "1797"]
[BlackElo "1539"]
[PlyCount "92"]
[EventDate "2021.02.20"]

1. e4 c5 2. c3 Nf6 3. e5 Nd5 4. d4 cxd4 5. Nf3 e6 6. cxd4 d6 7. Bc4 Nb6 8. Bb3
dxe5 9. dxe5 Qxd1+ 10. Bxd1 Nc6 11. O-O Nc4 12. Re1 Be7 13. Re4 Nb6 14. Nc3 O-O
15. Rg4 Rd8 16. Bh6 Bf8 17. Bc2 Ne7 18. h4 Bd7 19. Ne4 Nbd5 20. Rd1 Rac8 21.
Bb3 Nf5 22. Bd2 h5 23. Rg5 Be7 24. Rxh5 g6 25. Rg5 Bxg5 26. Bxg5 Nfe7 27. Bxe7
Nxe7 28. Nf6+ Kg7 29. Rxd7 Rxd7 30. Nxd7 Rc1+ 31. Kh2 Rf1 32. Nc5 Rxf2 33. Nxb7
Rxb2 34. Nd6 Re2 35. Kg1 Nc6 36. Kf1 Re3 37. Kf2 Rc3 38. Nc4 Nb4 39. Kg3 Nd5
40. Nd6 Ne7 41. Nb5 Rc5 42. Nd6 Nc6 43. Kf4 Rc1 44. Ke3 Rc3+ 45. Kf4 Rc1 46. g4
Rh1 1/2-1/2

[Event "Moscow-Open 2021_B"]
[Site "Moscow"]
[Date "2021.02.23"]
[Round "4.29"]
[White "Tsamalaidze, Liana"]
[Black "Sannikova, Anna"]
[Result "0-1"]
[WhiteElo "1446"]
[BlackElo "1759"]
[PlyCount "106"]
[EventDate "2021.02.20"]

1. d4 Nf6 2. c4 g6 3. Nc3 d5 4. Nf3 Bg7 5. Bf4 c5 6. e3 Ne4 7. Nxd5 Qa5+ 8. b4
cxb4 9. Nc7+ Kf8 10. Nd2 Nxd2 11. Nxa8 Ne4 12. Qb3 e5 13. Bg3 Nxg3 14. hxg3
exd4 15. exd4 Bxd4 16. O-O-O Nc6 17. Rh4 Bf6 18. Rd5 Qa3+ 19. Qxa3 bxa3 20. Rf4
Be5 21. Re4 Bb2+ 22. Kd1 Bf5 23. Re2 Kg7 24. Nc7 Nb4 25. Rb5 Rd8+ 26. Nd5 Nxa2
27. Rbxb2 axb2 28. Rxb2 Nc3+ 29. Ke1 Nxd5 30. cxd5 Rd7 31. f3 h5 32. Be2 Kf6
33. Kf2 Ke5 34. Bc4 Rc7 35. Rb4 a6 36. Bb3 b5 37. f4+ Kd6 38. Rd4 Rc3 39. Bd1
Rd3 40. Rxd3 Bxd3 41. Ke3 Bc4 42. f5 g5 43. Bxh5 f6 44. g4 Bxd5 45. g3 Kc5 46.
Kd3 a5 47. Be8 Bc6 48. Bf7 b4 49. Be6 a4 50. Bf7 Bd5 51. Be8 a3 52. Kc2 b3+ 53.
Kc3 b2 0-1

[Event "Moscow-Open 2021_B"]
[Site "Moscow"]
[Date "2021.02.23"]
[Round "4.30"]
[White "Petrova, Elizaveta"]
[Black "Dryaeva, Lana"]
[Result "0-1"]
[WhiteElo "1713"]
[BlackElo "1404"]
[PlyCount "62"]
[EventDate "2021.02.20"]

1. d4 Nf6 2. c4 e6 3. g3 d5 4. Bg2 c6 5. Nf3 dxc4 6. Ne5 Bb4+ 7. Nc3 Nd5 8. Bd2
b5 9. a4 f6 10. Nf3 Bxc3 11. bxc3 O-O 12. e4 Nb6 13. axb5 cxb5 14. e5 Bb7 15.
O-O f5 16. Bc1 a5 17. Ba3 Rf7 18. h4 h6 19. Qb1 Qe8 20. Qb2 Bc6 21. Rfb1 Nd5
22. Bd6 Nd7 23. Ne1 N7b6 24. Qd2 Na4 25. Ra3 Raa7 26. Nc2 Naxc3 27. Rxc3 Nxc3
28. Qxc3 Bxg2 29. Kxg2 Qc6+ 30. Qf3 Qxf3+ 31. Kxf3 b4 0-1

[Event "Moscow-Open 2021_B"]
[Site "Moscow"]
[Date "2021.02.23"]
[Round "4.31"]
[White "Novikova, Daria"]
[Black "Yagutian, Mariya"]
[Result "0-1"]
[WhiteElo "1430"]
[BlackElo "1691"]
[PlyCount "68"]
[EventDate "2021.02.20"]

1. e4 c5 2. Nf3 Nc6 3. d4 cxd4 4. Nxd4 e6 5. Nc3 Qc7 6. a3 a6 7. Be3 Nf6 8. Bd3
Ne5 9. h3 Nxd3+ 10. cxd3 Be7 11. Rc1 Qb8 12. b4 O-O 13. Qb3 b5 14. O-O Bb7 15.
a4 d5 16. axb5 dxe4 17. dxe4 Nxe4 18. Nxe4 Bxe4 19. Nxe6 Bxg2 20. Kxg2 Qb7+ 21.
Kh2 fxe6 22. Rc6 axb5 23. Rxe6 Kh8 24. Bd4 Bg5 25. Be5 Rf3 26. Qc2 Qf7 27. Qe2
Rf8 28. Bg3 Rf5 29. Re5 Bf4 30. Bxf4 Rxf4 31. Rxb5 Rf3 32. Qd2 Qc4 33. Qd5
Rxf2+ 34. Rxf2 Rxf2+ 0-1

[Event "Moscow-Open 2021_B"]
[Site "Moscow"]
[Date "2021.02.23"]
[Round "4.32"]
[White "Khachatryan, Nadezhda"]
[Black "Zagrebina, Marina"]
[Result "1-0"]
[WhiteElo "1665"]
[BlackElo "1382"]
[PlyCount "63"]
[EventDate "2021.02.20"]

1. Nf3 Nf6 2. c4 e6 3. d4 d5 4. e3 Nbd7 5. b3 b6 6. Bd3 dxc4 7. bxc4 Bb7 8. O-O
c5 9. Bb2 cxd4 10. exd4 Be7 11. Nbd2 O-O 12. Qe2 Re8 13. Rac1 Qc7 14. Rfe1 Qf4
15. Bb1 Bb4 16. Bc3 Ba3 17. Rcd1 Rac8 18. Qd3 Red8 19. d5 Nc5 20. Qc2 h6 21.
Be5 Qf5 22. Qc3 Qg4 23. Bxf6 gxf6 24. dxe6 Nxe6 25. Qxa3 Nf4 26. g3 Rxd2 27.
Rxd2 Bxf3 28. Bd3 Rd8 29. Bh7+ Kxh7 30. Rxd8 Nh3+ 31. Kf1 Qxc4+ 32. Qd3+ 1-0

[Event "Moscow-Open 2021_B"]
[Site "Moscow"]
[Date "2021.02.23"]
[Round "4.33"]
[White "Lyutsinger, Iren"]
[Black "Ponomareva, Varvara"]
[Result "1-0"]
[WhiteElo "1415"]
[BlackElo "1663"]
[PlyCount "139"]
[EventDate "2021.02.20"]

1. e4 e6 2. Nf3 d5 3. e5 c5 4. b4 Bd7 5. bxc5 Bxc5 6. d4 Bb6 7. c3 Nc6 8. Bd3
Rc8 9. O-O Na5 10. Nfd2 Ne7 11. Qg4 Ng6 12. Nb3 Nc4 13. Bg5 Qc7 14. h4 Nf8 15.
h5 g6 16. Bf6 Rg8 17. h6 Qc6 18. Rc1 Qa4 19. Bc2 Qc6 20. Bd3 a5 21. N3d2 Nb2
22. Be2 Qa4 23. Nf3 Bb5 24. Bxb5+ Qxb5 25. Nbd2 a4 26. Bg7 Bd8 27. Ng5 Bxg5 28.
Qxg5 Qd3 29. Nf3 a3 30. Qf4 Qf5 31. Qd2 Nc4 32. Qe2 g5 33. Nd2 Nxd2 34. Qxd2
Nd7 35. Rab1 b6 36. Qe2 Rc4 37. Rb4 Qf4 38. Rc2 Qf5 39. Rc1 Qf4 40. Qc2 Ke7 41.
g3 Qf5 42. Qb3 Ra8 43. Rxc4 dxc4 44. Qxc4 Qe4 45. Qc7 Ke8 46. Bf6 Qd5 47. Rd1
Rb8 48. c4 Qb7 49. Qxb7 Rxb7 50. Bxg5 Rc7 51. Rc1 Nb8 52. Be3 Kd7 53. Kg2 Nc6
54. Kf3 Na5 55. c5 b5 56. Rb1 Kc6 57. Ke4 Nc4 58. f4 Nxe3 59. Kxe3 Rb7 60. Ke4
b4 61. g4 Kb5 62. Kd3 Rb8 63. Rc1 Kc6 64. Kc4 Rg8 65. g5 b3 66. Kxb3 Rb8+ 67.
Kxa3 Kd5 68. c6 Kxd4 69. c7 Rc8 70. Kb4 1-0

[Event "Moscow-Open 2021_B"]
[Site "Moscow"]
[Date "2021.02.23"]
[Round "4.34"]
[White "Salakhova, Adelya"]
[Black "Uzintseva, Daria"]
[Result "1-0"]
[WhiteElo "1875"]
[BlackElo "1326"]
[PlyCount "79"]
[EventDate "2021.02.20"]

1. d4 Nf6 2. Nf3 e6 3. c4 b6 4. a3 Bb7 5. Nc3 Be7 6. d5 d6 7. e4 O-O 8. Bd3
Nfd7 9. O-O Bf6 10. Bd2 Ba6 11. b4 exd5 12. exd5 g6 13. Rc1 Bg7 14. Bg5 Qc8 15.
Ne4 f5 16. Nc3 Re8 17. Ne2 Bb7 18. Nfd4 Nf8 19. Be3 Nbd7 20. Bc2 Ne5 21. Ba4
Nfd7 22. Ne6 Bf6 23. c5 dxc5 24. bxc5 Ba6 25. cxb6 axb6 26. Bb3 Bd8 27. d6 Kh8
28. Bd4 c5 29. f4 c4 30. fxe5 Rxe6 31. Nf4 Bg5 32. Nxe6 Bxc1 33. Qxc1 cxb3 34.
Qh6 Qg8 35. Ng5 Qg7 36. Qxg7+ Kxg7 37. e6+ Nf6 38. Rc1 Ra7 39. d7 Ra8 40. e7
1-0

[Event "Moscow-Open 2021_B"]
[Site "Moscow"]
[Date "2021.02.23"]
[Round "4.35"]
[White "Gurgenidze, Aleksandra"]
[Black "Zavivaeva, Emilia"]
[Result "0-1"]
[WhiteElo "1399"]
[BlackElo "1826"]
[PlyCount "68"]
[EventDate "2021.02.20"]

1. d4 d5 2. c4 e6 3. Nc3 Nf6 4. cxd5 exd5 5. Bg5 Be7 6. e3 c6 7. Nf3 Bf5 8. Bd3
Bxd3 9. Qxd3 O-O 10. O-O Nbd7 11. Rab1 Ne4 12. Bxe7 Qxe7 13. b4 a6 14. a4 Nb6
15. a5 Nc4 16. Rfc1 f5 17. Na4 Ned6 18. Nc5 Rae8 19. Ne5 Nxe5 20. dxe5 Qxe5 21.
Nd7 Qe7 22. Nxf8 Rxf8 23. Qd4 Rf6 24. Qa7 Rh6 25. Rxc6 Kf7 26. Rc2 Nc4 27. Rb3
Rc6 28. Qd4 Ke6 29. Rd3 Qxb4 30. Qxd5+ Kf6 31. Qd4+ Kg6 32. Rdc3 Rd6 33. Qxc4
Qxc4 34. Rxc4 Rd1# 0-1